000
00282nam a2200109Ia 4500
008
190913s9999||||xx |||||||||||||| ||und||
100
_a
Dr.Abdul Majeed
245
0
_a
Pakistan Main jellon Kay Quawaid zawabit
260
_a
lahore
_b
Qasim Printer
_c
1999
300
_a
538
942
_c
BK
999
_c
8162
_d
8162